000 00249nam a2200097Ia 4500
001 1041976
005 20250826232052.0
008 250824s9999 xx 000 0 und d
245 0 _aBAŞKA MASALLAR
_cİSMAİL KILIÇARSLAN
260 _bKETEBE YAYINLARI
999 _c1041976
_d1041976